| 000 | 01069cam a22002651 4500 | ||
|---|---|---|---|
| 001 | sa 68017075 | ||
| 003 | DLC | ||
| 005 | 20260227112700.0 | ||
| 008 | 720801s1957 xx 000 0 ind | ||
| 010 | _asa 68017075 | ||
| 035 | _a(OCoLC)371314 | ||
| 040 |
_aDLC _cOAU _dDLC |
||
| 042 | _apremarc | ||
| 050 | 0 | 0 |
_aRC311.2 _b.T36 |
| 100 | 1 | _aTan, Thiam Hok. | |
| 245 | 1 | 0 |
_aIchtiar kearah standardisasi tjara-tjara pemeriksaan laboratorium mengenai mycobacterium tuberculosis dalam dahak di Indonesia. _bTowards a standardization of the laboratory methods for the detection of mycobacterium tuberculosis in human sputum in Indonesia. |
| 260 |
_a[Djakarta, _bPenerbitan Universitas, _c1957?] |
||
| 300 |
_a135 p. _c23 cm. |
||
| 500 | _aTesis--Universitas Indonesia. | ||
| 500 | _aSummary in English. | ||
| 504 | _aBibliography: p. 121-135. | ||
| 650 | 0 |
_aTuberculosis _xDiagnosis. |
|
| 650 | 0 |
_aSputum _xMicrobiology. |
|
| 740 | 0 | _aTowards a standardization of the laboratory methods for the detection of mycobacterium tuberculosis in human sputum in Indonesia. | |
| 999 |
_c87503 _d87503 |
||